000 00198nam a2200085Ia 4500
008 170617s9999 xx 000 0 und d
100 _aWALLIS-T E
245 0 _aPRACTICAL PHARMACOGNOSY
260 _bDEHLI-SPRINGER
260 _c2011
999 _c15862
_d15862